LEADER 01558nas 2200457- 450 001 996321212803316 005 20200511071158.4 011 $a1995-9494 035 $a(OCoLC)1048178244 035 $a(CKB)4100000000771640 035 $a(CONSER)--2019240248 035 $a(DE-599)ZDB2984126-4 035 $a(EXLCZ)994100000000771640 100 $a20180612a20079999 --- - 101 0 $aspa 135 $aur|n||||||||| 181 $ctxt$2rdacontent 182 $cc$2rdamedia 183 $acr$2rdacarrier 200 00$aActa médica del Centro $erevista del Hospital Clínico Quirúrgico "Arnaldo Milián Castro" 210 1$aVilla Clara, Cuba :$cHospital Provincial Clínico Quirúgico Universitario "Arnaldo Milián Castro,"$d2007- 517 1 $aRevista del Hospital Clínico Quirúrgico "Arnaldo Milián Castro" 606 $aMedical sciences$zCuba$vPeriodicals 606 $aMedical sciences$vPeriodicals 606 $aMedicine$zCuba$vPeriodicals 606 $aMedicine$vPeriodicals 606 $aMedicine$2fast$3(OCoLC)fst01014893 606 $aMedical sciences$2fast$3(OCoLC)fst01014601 607 $aCuba$2fast 608 $aPeriodicals.$2fast 615 0$aMedical sciences 615 0$aMedical sciences 615 0$aMedicine 615 0$aMedicine 615 7$aMedicine. 615 7$aMedical sciences. 712 02$aHospital Provincial Clínico Quirúrgico Universitario "Arnaldo Milián Castro", 906 $aJOURNAL 912 $a996321212803316 996 $aActa Médica del Centro$92558932 997 $aUNISA LEADER 01539nam2 22003253i 450 001 VAN0117506 005 20180906111234.463 100 $a20180906d1965 |0itac50 ba 101 $aita 102 $aIT 105 $a|||| ||||| 200 1 $aˆ<> 1$fUbaldo Robbe 205 $aMilano : Giuffre, 1965 210 $a233 p.$a25 cm 215 $aBiblioteca Lauria. 410 1$1001VAN0004546$12001 $aPubblicazioni dell'Istituto di scienze giuridiche, economiche, politiche e sociali dell'Università di Messina$1210 $aMilano$cGiuffrè.$v71 461 1$1001VAN0117505$12001 $aˆLa ‰successione e la distinzione fra successio in ius e successio in locum$fUbaldo Robbe$1210 $aMilano$cGiuffré$1215 $avolumi$d25 cm.$v1 606 $aRes $3VANC001274$2FI 606 $aRes nullius$3VANC006940$2FI 606 $aRes nullius in bonis$3VANC006941$2FI 620 $dMilano$3VANL000284 676 $a346$cDiritto privato$v22 700 1$aRobbe$bUbaldo$3VANV009653$0229031 712 $aGiuffrè $3VANV109181$4650 801 $aIT$bSOL$c20230616$gRICA 899 $aBIBLIOTECA DEL DIPARTIMENTO DI GIURISPRUDENZA$1IT-CE0105$2VAN00 912 $aVAN0117506 950 $aBIBLIOTECA DEL DIPARTIMENTO DI GIURISPRUDENZA$d00CONS BL.900M.1418 1 $e00BL 3529 20180906 996 $aSuccessione e la distinzione fra successio in ius e successio in locum 1$91521458 997 $aUNICAMPANIA